000 00591nam a2200205Ia 4500
003 GCL
008 140319s9999 xx 000 0 ara d
040 _aGCL /
_cGCL
082 0 4 _a791.43
_bف ف
100 1 _aفكين، بودو
245 1 0 _aالفن السينمائى /
_cفكين، بودو
700 1 _aصلاح التهامى (مترجم)
250 _aالاولى
260 _aالقاهرة :
_bدار الفكر ،
_c1957
300 _a126 ص ؛
_c23 سم
490 _a
650 0 4 _aالافلام السينمائية
650 0 4 _aالسينما
942 _2ddc
_cBK
999 _c39929
_d39929